[Event "UZB-ch U20"]
[Site "Tashkent"]
[Date "2008.10.01"]
[Round "13"]
[White "Tillyaev, Ulugbek"]
[Black "Rahimov, Rahmatjon"]
[Result "0-1"]
[WhiteElo "2112"]
[BlackElo "2218"]
[PlyCount "117"]
[EventDate "2008.09.19"]
[EventType "tourn"]
[EventRounds "13"]
[EventCountry "UZB"]
[SourceTitle "CBM 126 Extra"]
[Source "ChessBase"]
[SourceDate "2008.11.05"]
[SourceVersion "1"]
[SourceVersionDate "2008.11.05"]
[SourceQuality "1"]

1. e4 e6 2. d4 d5 3. Nc3 Nf6 4. Bg5 Bb4 5. exd5 Qxd5 6. Bxf6 Bxc3+ 7. bxc3 gxf6 8. Qd2 c5 9. f3 Nc6 10. Ne2 Qd6 11. Rd1 Bd7 12. dxc5 Qxd2+ 13. Rxd2 Rc8 14. Ng3 f5 15. Nh5 Nb8 16. g4 fxg4 17. fxg4 Rxc5 18. Bd3 Ke7 19. Rf2 Nc6 20. Nf6 Ne5 21. Ne4 Rd5 22. Rhf1 Rxd3 23. cxd3 Nxd3+ 24. Kd2 Nxf2 25. Rxf2 f5 26. gxf5 exf5 27. Nc5 Bc8 28. Rf4 Rd8+ 29. Ke3 Kf6 30. Rh4 Re8+ 31. Kf2 Re7 32. Ra4 Rc7 33. Nb3 b5 34. Ra3 a6 35. Nd4 Bb7 36. Rb3 Rc4 37. Ke3 Ke5 38. Kd2 Ra4 39. Rb2 Bd5 40. Nb3 f4 41. Ke1 f3 42. Nc1 Re4+ 43. Kf2 Rg4 44. Ke3 Rg2 45. Nd3+ Kf5 46. Rf2 Rxf2 47. Kxf2 Bxa2 48. Nb4 Bc4 49. Nxa6 Be2 50. Ke3 Kg4 51. Nb4 Kh3 52. Nd5 Kxh2 53. Kf2 Kh3 54. Nf6 h6 55. Ng8 h5 56. Nf6 h4 57. Nd7 Kg4 58. Ne5+ Kf5 59. Nxf3 0-1

[Event "UZB-ch U20"]
[Site "Tashkent"]
[Date "2008.09.26"]
[Round "8"]
[White "Rahimov, Rahmatjon"]
[Black "Kasyan, Aleksandr"]
[Result "1-0"]
[WhiteElo "2218"]
[BlackElo "2311"]
[PlyCount "91"]
[EventDate "2008.09.19"]
[EventType "tourn"]
[EventRounds "13"]
[EventCountry "UZB"]
[SourceTitle "CBM 126 Extra"]
[Source "ChessBase"]
[SourceDate "2008.11.05"]
[SourceVersion "1"]
[SourceVersionDate "2008.11.05"]
[SourceQuality "1"]

1. e4 d5 2. exd5 Qxd5 3. Nc3 Qd6 4. d4 Nf6 5. Nf3 a6 6. g3 Bg4 7. h3 Bh5 8. Qe2 Nc6 9. Be3 Nd5 10. Nxd5 Qxd5 11. Bg2 0-0-0 12. 0-0 f5 13. Rfe1 g6 14. Ng5 Bxe2 15. Bxd5 Rxd5 16. Rxe2 Nxd4 17. Rd2 e5 18. c3 h6 19. cxd4 hxg5 20. dxe5 Rxe5 21. Bxg5 Bc5 22. Bf6 Rhe8 23. Bxe5 Rxe5 24. Rad1 Bd6 25. Kg2 Ra5 26. a3 Rb5 27. g4 fxg4 28. hxg4 b6 29. Re1 Be5 30. Ree2 Bf4 31. Rd3 Bc1 32. b4 a5 33. Re4 g5 34. Rc4 Bf4 35. Kf3 axb4 36. axb4 Kb7 37. Rxf4 gxf4 38. Rd4 c5 39. bxc5 bxc5 40. Rc4 Kc6 41. Kxf4 Kd5 42. Rc1 Kd4 43. g5 c4 44. g6 c3 45. g7 Rb8 46. Rg1 1-0

[Event "UZB-ch U20"]
[Site "Tashkent"]
[Date "2008.09.24"]
[Round "6"]
[White "Rahimov, Rahmatjon"]
[Black "Aripov, Iskandar"]
[Result "1-0"]
[WhiteElo "2218"]
[BlackElo "1841"]
[PlyCount "103"]
[EventDate "2008.09.19"]
[EventType "tourn"]
[EventRounds "13"]
[EventCountry "UZB"]
[SourceTitle "CBM 126 Extra"]
[Source "ChessBase"]
[SourceDate "2008.11.05"]
[SourceVersion "1"]
[SourceVersionDate "2008.11.05"]
[SourceQuality "1"]

1. e4 c5 2. Nf3 d6 3. c3 Nf6 4. Be2 Nbd7 5. d3 g6 6. 0-0 Bg7 7. h3 0-0 8. Be3 b6 9. Nbd2 Bb7 10. Qb1 d5 11. e5 Ne8 12. d4 cxd4 13. cxd4 f6 14. exf6 Ndxf6 15. Ne5 Nd7 16. f4 Nd6 17. Bd3 Nxe5 18. fxe5 Rxf1+ 19. Qxf1 Ne4 20. Nxe4 dxe4 21. Bc4+ Bd5 22. Bxd5+ Qxd5 23. Qa6 Rf8 24. Qxa7 Qb5 25. Qa3 Qe2 26. Qc3 e6 27. Qd2 Rf2 28. Qxe2 Rxe2 29. Bf4 Rxb2 30. a4 Rb4 31. Be3 Rb3 32. Kf2 Rb2+ 33. Kg3 Rb3 34. Re1 Bh6 35. Kf2 Bxe3+ 36. Rxe3 Rb4 37. Rxe4 Rxa4 38. Ke3 Ra2 39. Rf4 Rxg2 40. Rf6 Rg3+ 41. Ke4 Rxh3 42. Rxe6 b5 43. Rb6 Rb3 44. d5 Rb4+ 45. Ke3 g5 46. d6 Kf7 47. Rb7+ Ke8 48. e6 Rb3+ 49. Ke4 Rb4+ 50. Ke5 Kf8 51. Rb8+ Kg7 52. d7 1-0

[Event "UZB-ch U20"]
[Site "Tashkent"]
[Date "2008.09.19"]
[Round "1"]
[White "Rahimov, Rahmatjon"]
[Black "Gubaydulin, Talgat"]
[Result "1/2-1/2"]
[WhiteElo "2218"]
[BlackElo "2278"]
[PlyCount "39"]
[EventDate "2008.09.19"]
[EventType "tourn"]
[EventRounds "13"]
[EventCountry "UZB"]
[SourceTitle "CBM 126 Extra"]
[Source "ChessBase"]
[SourceDate "2008.11.05"]
[SourceVersion "1"]
[SourceVersionDate "2008.11.05"]
[SourceQuality "1"]

1. e4 c5 2. Nf3 d6 3. d4 cxd4 4. Nxd4 Nf6 5. Nc3 Nc6 6. f3 e5 7. Nb3 Be7 8. Be3 0-0 9. Qd2 Be6 10. Nd5 Bxd5 11. exd5 Nb8 12. Be2 a5 13. 0-0 b6 14. c4 Na6 15. Nc1 Nd7 16. b3 Nac5 17. Nd3 h6 18. f4 Bf6 19. Rae1 Ra7 20. Bd1 1/2-1/2

[Event "Asia-ch U16"]
[Site "Tehran"]
[Date "2008.07.20"]
[Round "7"]
[White "Rahimov, Rahmatjon"]
[Black "Dalir, Alireza"]
[Result "1-0"]
[WhiteElo "2218"]
[BlackElo "2089"]
[PlyCount "53"]
[EventDate "2008.07.16"]
[EventType "swiss"]
[EventRounds "9"]
[EventCountry "IRI"]
[SourceTitle "CBM 125 Extra"]
[Source "ChessBase"]
[SourceDate "2008.09.01"]
[SourceVersion "1"]
[SourceVersionDate "2008.09.01"]
[SourceQuality "1"]

1. e4 c5 2. Nf3 d6 3. d4 cxd4 4. Nxd4 Nf6 5. Nc3 a6 6. Be3 e6 7. f3 b5 8. g4 h6 9. Qd2 Nbd7 10. 0-0-0 Bb7 11. h4 b4 12. Na4 Qa5 13. b3 Nc5 14. a3 Rc8 15. Qxb4 Qc7 16. Kb1 d5 17. Nxc5 Bxc5 18. Qa4+ Kf8 19. Bd3 dxe4 20. fxe4 Nxg4 21. Rhf1 Kg8 22. Bg1 Kh7 23. e5+ Kg8 24. Nxe6 fxe6 25. Qxg4 Re8 26. Bg6 h5 27. Qc4 1-0

[Event "UZB-ch 1st League"]
[Site "Bukhara"]
[Date "2008.04.15"]
[Round "10"]
[White "Bozorov, Makhsum"]
[Black "Rahimov, Rahmatjon"]
[Result "0-1"]
[WhiteElo "2142"]
[BlackElo "2180"]
[PlyCount "29"]
[EventDate "2008.04.06"]
[EventType "tourn"]
[EventRounds "11"]
[EventCountry "UZB"]
[EventCategory "1"]
[SourceTitle "EXT 2015"]
[Source "ChessBase"]
[SourceDate "2014.11.20"]
[SourceVersion "1"]
[SourceVersionDate "2014.11.20"]
[SourceQuality "1"]

1. d4 d5 2. Nf3 Bf5 3. c4 e6 4. Nc3 Nc6 5. e3 Nb4 6. Qa4+ c6 7. Kd2 dxc4 8. Bxc4 Bc2 9. b3 a6 10. Ne5 b5 11. Nxc6 Nxc6 12. Nxb5 axb5 13. Qxb5 Qc7 14. Kxc2 Ra5 15. Qxa5 0-1

[Event "UZB-ch 1st League"]
[Site "Bukhara"]
[Date "2008.04.08"]
[Round "3"]
[White "Rahimov, Rahmatjon"]
[Black "Saidov, Beqali"]
[Result "1/2-1/2"]
[WhiteElo "2180"]
[BlackElo "2366"]
[PlyCount "110"]
[EventDate "2008.04.06"]
[EventType "tourn"]
[EventRounds "11"]
[EventCountry "UZB"]
[EventCategory "1"]
[SourceTitle "EXT 2015"]
[Source "ChessBase"]
[SourceDate "2014.11.20"]
[SourceVersion "1"]
[SourceVersionDate "2014.11.20"]
[SourceQuality "1"]

1. e4 e5 2. Nf3 Nc6 3. Bb5 Nge7 4. c3 d6 5. d4 Bd7 6. 0-0 Ng6 7. d5 Nb8 8. Bxd7+ Nxd7 9. c4 Be7 10. Nc3 h6 11. Be3 0-0 12. b4 f5 13. exf5 Rxf5 14. Nd2 Qf8 15. Nce4 Nf4 16. g3 Ng6 17. Qa4 Nb6 18. Qb3 Rh5 19. c5 Nc8 20. Qd1 Rf5 21. Nc4 Qf7 22. Na5 Rb8 23. Rc1 Bf8 24. cxd6 cxd6 25. Qd3 Qd7 26. Rc2 Rf7 27. Rfc1 Qg4 28. Rc4 Nf4 29. Bxf4 exf4 30. Rc7 fxg3 31. hxg3 Qf5 32. Rxf7 Qxf7 33. Nc4 Qd7 34. a3 Be7 35. Qd4 Bd8 36. Kg2 b5 37. Ne3 Bb6 38. Qf6 Bxe3 39. fxe3 Nb6 40. Qxd6 Qxd6 41. Nxd6 Nxd5 42. e4 Ne3+ 43. Kf3 Nc4 44. Nxc4 Rc8 45. Ke3 bxc4 46. Kd4 Rd8+ 47. Kc5 Rd3 48. Rxc4 Rxa3 49. g4 Kf7 50. Kd6 Rd3+ 51. Ke5 Rd7 52. Rc6 Rb7 53. Ra6 Rxb4 54. Rxa7+ Kg6 55. Kf4 Rb1 1/2-1/2

[Event "UZB-ch 1st League"]
[Site "Bukhara"]
[Date "2008.04.07"]
[Round "2"]
[White "Kayumov, Sergey"]
[Black "Rahimov, Rahmatjon"]
[Result "1-0"]
[WhiteElo "2479"]
[BlackElo "2180"]
[PlyCount "81"]
[EventDate "2008.04.06"]
[EventType "tourn"]
[EventRounds "11"]
[EventCountry "UZB"]
[EventCategory "1"]
[SourceTitle "EXT 2015"]
[Source "ChessBase"]
[SourceDate "2014.11.20"]
[SourceVersion "1"]
[SourceVersionDate "2014.11.20"]
[SourceQuality "1"]

1. e4 e6 2. d4 d5 3. Nc3 Nf6 4. Bg5 Bb4 5. Nge2 dxe4 6. a3 Be7 7. Bxf6 gxf6 8. Nxe4 b6 9. N2c3 Bb7 10. Qf3 c6 11. 0-0-0 f5 12. Ng3 Nd7 13. Bd3 Qc7 14. Rhe1 0-0-0 15. Nxf5 Bf6 16. Ng3 Bxd4 17. Qxf7 Rhf8 18. Qxe6 Bxf2 19. Rf1 Kb8 20. Nge4 Be3+ 21. Kb1 Qxh2 22. g3 Qh6 23. Qxh6 Bxh6 24. Rh1 Bg7 25. Rxh7 Bxc3 26. Nxc3 Ne5 27. Be2 Rxd1+ 28. Nxd1 Rg8 29. Re7 Ng6 30. Re3 Kc7 31. Bh5 Kd6 32. Nc3 Ne5 33. b3 Bc8 34. Ne4+ Ke6 35. Be2 Bd7 36. Kb2 Rg7 37. Bf1 Ng4 38. Bh3 Kf5 39. c4 Kg6 40. Rd3 Ne5 41. Rd6+ 1-0

[Event "San Nicola Arcella op 1st"]
[Site "San Nicola Arcella"]
[Date "2007.09.18"]
[Round "3"]
[White "Rahimov, Rahmatjon"]
[Black "Rotoni, Matteo"]
[Result "1/2-1/2"]
[WhiteElo "2120"]
[BlackElo "2074"]
[PlyCount "62"]
[EventDate "2007.09.16"]
[EventType "swiss"]
[EventRounds "9"]
[EventCountry "ITA"]
[SourceTitle "EXT 2009"]
[Source "ChessBase"]
[SourceDate "2008.11.26"]
[SourceVersion "1"]
[SourceVersionDate "2008.11.26"]
[SourceQuality "1"]

1. e4 e6 2. d4 d5 3. Nd2 Be7 4. e5 c5 5. c3 Nc6 6. Ndf3 cxd4 7. cxd4 Bb4+ 8. Bd2 Qb6 9. Bxb4 Qxb4+ 10. Qd2 Bd7 11. Bd3 Qxd2+ 12. Kxd2 Nb4 13. Bb1 Rc8 14. Ne2 Ne7 15. Nc3 0-0 16. h4 f6 17. Re1 Nbc6 18. exf6 Rxf6 19. Bd3 a6 20. Ke3 Nb4 21. Bb1 Rcf8 22. Ne5 Be8 23. f3 Nbc6 24. Ne2 Nxe5 25. dxe5 Nf5+ 26. Bxf5 Rxf5 27. f4 Bb5 28. g3 Bxe2 29. Kxe2 h6 30. Ke3 g5 31. hxg5 hxg5 1/2-1/2

[Event "UZB-ch U20"]
[Site "Tashkent"]
[Date "2006.09.28"]
[Round "12"]
[White "Rahimov, Rahmatjon"]
[Black "Khamrakulov, Djurabek"]
[Result "1/2-1/2"]
[WhiteElo "2093"]
[BlackElo "2272"]
[PlyCount "66"]
[EventDate "2006.09.17"]
[EventType "tourn"]
[EventRounds "13"]
[EventCountry "UZB"]
[SourceTitle "EXT 2015"]
[Source "ChessBase"]
[SourceDate "2014.11.20"]
[SourceVersion "1"]
[SourceVersionDate "2014.11.20"]
[SourceQuality "1"]

1. e4 e5 2. Nf3 Nc6 3. Bb5 a6 4. Ba4 Nf6 5. 0-0 Be7 6. Re1 b5 7. Bb3 d6 8. c3 0-0 9. h3 Na5 10. Bc2 c5 11. d4 Qc7 12. b4 cxb4 13. cxb4 Nc4 14. Nbd2 Bb7 15. Nxc4 bxc4 16. d5 Nd7 17. a4 Rab8 18. g4 Ba8 19. Rb1 Rfc8 20. Qe2 Bd8 21. a5 Nf8 22. Ba4 g6 23. Kh2 Qb7 24. Be3 f5 25. gxf5 gxf5 26. Rg1+ Kh8 27. Bh6 Bf6 28. Ng5 Ng6 29. Qh5 Bxg5 30. Qxg5 Qf7 31. exf5 Rg8 32. fxg6 Rxg6 33. Qe3 Rgg8 1/2-1/2

[Event "UZB-ch U20"]
[Site "Tashkent"]
[Date "2006.09.17"]
[Round "1"]
[White "Rahimov, Rahmatjon"]
[Black "Davlyatshin, Bulat"]
[Result "1/2-1/2"]
[WhiteElo "2093"]
[BlackElo "2141"]
[PlyCount "70"]
[EventDate "2006.09.17"]
[EventType "tourn"]
[EventRounds "13"]
[EventCountry "UZB"]
[SourceTitle "EXT 2015"]
[Source "ChessBase"]
[SourceDate "2014.11.20"]
[SourceVersion "1"]
[SourceVersionDate "2014.11.20"]
[SourceQuality "1"]

1. e4 c6 2. d4 d5 3. Nc3 dxe4 4. Nxe4 Nd7 5. Nf3 Ngf6 6. Ng3 e6 7. Bc4 Nb6 8. Bb3 a5 9. c3 a4 10. Bc2 h6 11. 0-0 Qc7 12. Ne4 Nxe4 13. Bxe4 Bd6 14. Qe2 0-0 15. Ne5 c5 16. Rd1 Nd7 17. Bf4 cxd4 18. cxd4 Nf6 19. Rac1 Qe7 20. Bb1 Bd7 21. Qd3 Rfc8 22. Nxd7 Qxd7 23. Be5 Bxe5 24. dxe5 Qxd3 25. Bxd3 Ng4 26. f4 Ne3 27. Re1 Nd5 28. g3 Kf8 29. a3 Ke7 30. Kf2 Rc6 31. Bc4 Rb6 32. Bxd5 Rxb2+ 33. Re2 Rxe2+ 34. Kxe2 exd5 35. Rc7+ Ke6 1/2-1/2

[Event "Chalkidiki op-B 2nd"]
[Site "Kallithea"]
[Date "2006.04.30"]
[Round "8.2"]
[White "Rahimov, Rahmatjon"]
[Black "Papadimitriou, Athanasios"]
[Result "1-0"]
[WhiteElo "2064"]
[BlackElo "1972"]
[PlyCount "111"]
[EventDate "2006.04.25"]
[EventType "swiss"]
[EventRounds "9"]
[EventCountry "GRE"]
[SourceTitle "CBM 112 Extra"]
[Source "ChessBase"]
[SourceDate "2006.07.14"]
[SourceVersion "1"]
[SourceVersionDate "2006.07.14"]
[SourceQuality "1"]

1. e4 c6 2. d4 g6 3. Nc3 d5 4. Nf3 Bg7 5. h3 dxe4 6. Nxe4 Nd7 7. Bd3 Ngf6 8. Nxf6+ Nxf6 9. c3 0-0 10. 0-0 Qb6 11. Re1 Re8 12. Bc4 Nd5 13. Bb3 Qc7 14. Qe2 h6 15. Ne5 e6 16. c4 Ne7 17. Bf4 Qb6 18. c5 Qd8 19. Nxf7 Kxf7 20. Bxe6+ Kf8 21. Qf3 Bxe6 22. Bc7+ Bf7 23. Bxd8 Raxd8 24. Rad1 Kg8 25. Qf4 Nd5 26. Qd2 Kh7 27. a4 Rxe1+ 28. Rxe1 Bf6 29. Re4 Re8 30. Rxe8 Bxe8 31. Qd3 Bd7 32. Qc4 a5 33. Qd3 Kg7 34. Qd2 Nb4 35. Qf4 Na6 36. Qd6 Be8 37. Qe6 Bf7 38. Qd7 Nb4 39. Qxb7 Bxd4 40. Qb6 Nd3 41. Qxa5 Nxb2 42. Qb4 Bxf2+ 43. Kh2 Nc4 44. a5 Nxa5 45. Qb2+ Kh7 46. Qxf2 Bd5 47. Qf8 Nb3 48. Kg3 Nd2 49. Kf4 Nc4 50. g3 Nd2 51. Ke5 Ne4 52. g4 Ng5 53. h4 Ne6 54. Qe7+ Kg8 55. Qxe6+ Bxe6 56. Kxe6 1-0

[Event "Chalkidiki op-B 2nd"]
[Site "Kallithea"]
[Date "2006.04.27"]
[Round "4.1"]
[White "Swiercz, Dariusz"]
[Black "Rahimov, Rahmatjon"]
[Result "1-0"]
[WhiteElo "2185"]
[BlackElo "2064"]
[PlyCount "139"]
[EventDate "2006.04.25"]
[EventType "swiss"]
[EventRounds "9"]
[EventCountry "GRE"]
[SourceTitle "CBM 112 Extra"]
[Source "ChessBase"]
[SourceDate "2006.07.14"]
[SourceVersion "1"]
[SourceVersionDate "2006.07.14"]
[SourceQuality "1"]

1. e4 e6 2. d3 c5 3. Nf3 d5 4. Nbd2 Nc6 5. g3 Nge7 6. Bg2 g6 7. 0-0 Bg7 8. Re1 0-0 9. c3 b6 10. Nf1 Bb7 11. e5 b5 12. h4 h6 13. Bf4 Nf5 14. Qd2 Kh7 15. N1h2 Rc8 16. Ng4 Qe7 17. a4 b4 18. Kh2 Na5 19. Qc2 Ba6 20. Rh1 Rh8 21. Nf6+ Bxf6 22. exf6 Qxf6 23. Be5 Qe7 24. Bxh8 Kxh8 25. Rhe1 Kg7 26. Rad1 Qd6 27. b3 Kg8 28. c4 Nc6 29. Qb2 Ncd4 30. Ne5 Kg7 31. f4 f6 32. Nf3 Rh8 33. Nxd4 Nxd4 34. Rb1 Kf7 35. Qf2 Bb7 36. Kg1 Bc6 37. Bh1 a5 38. Bg2 Rg8 39. Rec1 Qd8 40. Qe3 Qd6 41. Qf2 f5 42. Qe3 Kf6 43. Re1 Kf7 44. Qe5 Qxe5 45. Rxe5 Rd8 46. Kf2 Ba8 47. Ree1 h5 48. Rec1 Rc8 49. Re1 Kf6 50. Rb2 dxc4 51. dxc4 Bxg2 52. Kxg2 Rc6 53. Re3 Rc8 54. Rd2 Rc6 55. Rdd3 Rc8 56. Re5 Ke7 57. Kf2 Rc7 58. Ke3 Nc2+ 59. Kd2 Nd4 60. Rxd4 cxd4 61. Rxa5 Rc6 62. Kd3 Rd6 63. Rb5 Kf6 64. a5 Ke7 65. Rxb4 e5 66. fxe5 Rd8 67. Rb6 g5 68. hxg5 f4 69. gxf4 Rh8 70. Rh6 1-0

[Event "Wch U12"]
[Site "Belfort"]
[Date "2005.07.26"]
[Round "9"]
[White "Zhao, Parker Bi Guang"]
[Black "Rahimov, Rahmatjon"]
[Result "1-0"]
[WhiteElo "2029"]
[BlackElo "1599"]
[PlyCount "105"]
[EventDate "2005.07.19"]
[EventType "swiss"]
[EventRounds "11"]
[EventCountry "FRA"]
[SourceTitle "CBM 107 Extra"]
[Source "ChessBase"]
[SourceDate "2005.09.01"]
[SourceVersion "1"]
[SourceVersionDate "2005.09.01"]
[SourceQuality "1"]

1. e4 e6 2. Qe2 Nf6 3. Nf3 d5 4. d3 c5 5. Nbd2 Be7 6. g3 Nc6 7. Bg2 0-0 8. e5 Nd7 9. 0-0 Re8 10. Re1 f6 11. exf6 Bxf6 12. Nf1 Nf8 13. c3 e5 14. Be3 Qd6 15. Rad1 Bf5 16. h3 Bg6 17. g4 h6 18. Ng3 Ne6 19. Nf5 Bxf5 20. gxf5 Ned8 21. Nh2 Nf7 22. Ng4 Rad8 23. Qf3 Bg5 24. Qg3 Bxe3 25. fxe3 Kh7 26. f6 g6 27. Rf1 Rg8 28. Rd2 Rdf8 29. Rdf2 Ncd8 30. c4 d4 31. Bd5 h5 32. exd4 cxd4 33. Re2 Nc6 34. Nf2 Kh6 35. Ne4 Qc7 36. h4 Ncd8 37. Ng5 Qd7 38. Rg2 b6 39. Qe1 Qc7 40. Qd2 Nxg5 41. Bxg8 Rxg8 42. Qxg5+ Kh7 43. f7 Nxf7 44. Qf6 Nh6 45. Qe6 Rg7 46. Rf8 Qe7 47. Qc8 Ng8 48. Rgf2 Qxh4 49. R8f7 Qg3+ 50. Kh1 Qh4+ 51. Kg2 Qg5+ 52. Kh3 Qe3+ 53. Kh2 1-0